Đệ nhất cù lao

Viết về cù lao Ông Hổ, nơi đã sinh ra Chủ tịch Tôn Đức Thắng

সংরক্ষণ করুন:
গ্রন্থ-পঞ্জীর বিবরন
প্রধান লেখক: Nguyễn Hùng
বিন্যাস: গ্রন্থ
ভাষা:Undetermined
প্রকাশিত: Tp. HCM Văn nghệ 1995
বিষয়গুলি:
ট্যাগগুলো: ট্যাগ যুক্ত করুন
কোনো ট্যাগ নেই, প্রথমজন হিসাবে ট্যাগ করুন!
Thư viện lưu trữ: Trung tâm Học liệu Trường Đại học Cần Thơ
LEADER 00565nam a2200181Ia 4500
001 CTU_9096
008 210402s9999 xx 000 0 und d
082 |a 895.9228 
082 |b H513đ 
100 |a Nguyễn Hùng 
245 0 |a Đệ nhất cù lao 
245 0 |c Nguyễn Hùng 
260 |a Tp. HCM 
260 |b Văn nghệ 
260 |c 1995 
520 |a Viết về cù lao Ông Hổ, nơi đã sinh ra Chủ tịch Tôn Đức Thắng 
650 |a historical fiction 
980 |a Trung tâm Học liệu Trường Đại học Cần Thơ